<?xml version="1.0" encoding="UTF-8"?>
<collection xmlns="http://www.loc.gov/MARC21/slim">
    <record>
        <controlfield tag="001">84621</controlfield>
        <controlfield tag="005">20191111224554.0</controlfield>
        <datafield tag="024" ind1="7" ind2=" ">
            <subfield code="2">doi</subfield>
            <subfield code="a">10.26754/CINAIC.2019.0102</subfield>
        </datafield>
        <datafield tag="037" ind1=" " ind2=" ">
            <subfield code="a">COMPON-2019-CINAIC-0102</subfield>
        </datafield>
        <datafield tag="041" ind1=" " ind2=" ">
            <subfield code="a">spa</subfield>
        </datafield>
        <datafield tag="100" ind1=" " ind2=" ">
            <subfield code="a">Bueno García, Concepción</subfield>
            <subfield code="u">Universidad de Zaragoza, España</subfield>
        </datafield>
        <datafield tag="245" ind1=" " ind2=" ">
            <subfield code="a">Desarrollo de un modelo dinámico OCW a partir de un MOOC</subfield>
        </datafield>
        <datafield tag="260" ind1=" " ind2=" ">
            <subfield code="c">2019</subfield>
        </datafield>
        <datafield tag="506" ind1=" " ind2=" ">
            <subfield code="a">Access copy available to the general public</subfield>
            <subfield code="f">Unrestricted</subfield>
        </datafield>
        <datafield tag="520" ind1="3" ind2=" ">
            <subfield code="a">Los recursos educativos en abierto han dado lugar a iniciativas muy importantes en la difusión de la educación a la sociedad. Iniciativas como los cursos OpenCourseWare (OCW) con la oferta online de recursos abiertos y su evolución a los cursos masivos abiertos en línea, los denominados MOOC. Muchos cursos OCW han pasado a convertirse en MOOC donde se incluye la participación de los usuarios, su tutorización y su evaluación. Pero los MOOC se estructuran muchas veces como un curso de formación al uso, donde el aprendiz debe superar unos pasos concretos para conseguir la certificación, lo que no es necesario en los cursos OCW. No obstante, los MOOCs son más dinámicos y el seguimiento de los participantes permite su mejora continua. En este trabajo se propone el modelo Dynamic OpenCourseWare (D-OCW) que da pautas para crear un curso OCW dinámico (en contenidos y en participación) a partir de la información obtenida de un MOOC sobre el mismo tema. El modelo se muestra con un caso concreto creando un curso OCW a partir de un MOOC sobre “Buenas prácticas en el uso académico de la propiedad intelectual” tema de actualidad en muchos ámbitos y una clara preocupación para las instituciones educativas.</subfield>
        </datafield>
        <datafield tag="540" ind1=" " ind2=" ">
            <subfield code="9">info:eu-repo/semantics/openAccess</subfield>
            <subfield code="a">by-nc-nd</subfield>
            <subfield code="u">http://creativecommons.org/licenses/by-nc-nd/3.0/es/</subfield>
        </datafield>
        <datafield tag="655" ind1=" " ind2="4">
            <subfield code="a">Comunicación</subfield>
        </datafield>
        <datafield tag="700" ind1=" " ind2=" ">
            <subfield code="a">Bueso Guillén,  Pedro José</subfield>
            <subfield code="u">Universidad de Zaragoza, España</subfield>
        </datafield>
        <datafield tag="700" ind1=" " ind2=" ">
            <subfield code="a">Fidalgo Blanco, Ángel</subfield>
            <subfield code="u">Universidad Politécnica de Madrid, España</subfield>
        </datafield>
        <datafield tag="700" ind1=" " ind2=" ">
            <subfield code="a">Hernández Ara, Lola</subfield>
            <subfield code="u">Universidad de Zaragoza, España</subfield>
        </datafield>
        <datafield tag="700" ind1=" " ind2=" ">
            <subfield code="a">Sein-Echaluce Lacleta, María Luisa</subfield>
            <subfield code="u">Universidad de Zaragoza, España</subfield>
        </datafield>
        <datafield tag="700" ind1=" " ind2=" ">
            <subfield code="a">Ubieto Artur, Mª. Clara</subfield>
            <subfield code="u">Universidad de Zaragoza, España</subfield>
        </datafield>
        <datafield tag="700" ind1=" " ind2=" ">
            <subfield code="a">Ubieto Artur, Mª. Isabel</subfield>
            <subfield code="u">Universidad de Zaragoza, España</subfield>
        </datafield>
        <datafield tag="773" ind1=" " ind2=" ">
            <subfield code="d">Zaragoza</subfield>
            <subfield code="g">Aprendizaje, Innovación y Cooperación como impulsores del cambio metodológico. Actas del V Congreso Internacional sobre Aprendizaje, Innovación y Cooperación. CINAIC 2019 (9-11 de Octubre de 2019, Madrid, España)</subfield>
        </datafield>
        <datafield tag="856" ind1="4" ind2=" ">
            <subfield code="s">892982</subfield>
            <subfield code="u">http://zaguan.unizar.es/record/84621/files/102.pdf</subfield>
        </datafield>
        <datafield tag="909" ind1="C" ind2="O">
            <subfield code="o">oai:zaguan.unizar.es:84621</subfield>
            <subfield code="p">comunicaciones-ponencias</subfield>
        </datafield>
        <datafield tag="970" ind1=" " ind2=" ">
            <subfield code="a">COMPON-2019-CINAIC-0102</subfield>
        </datafield>
        <datafield tag="980" ind1=" " ind2=" ">
            <subfield code="a">COMPON</subfield>
        </datafield>
    </record>

    
</collection>